| 000 | 00461 a2200217 4500 | ||
|---|---|---|---|
| 260 | _bBuchet | ||
| 260 | _bChastel | ||
| 300 | _a138 p. | ||
| 245 | _aAnatomie de l'art dramatique = an anatomy of drama | ||
| 260 | _aParis | ||
| 650 | _aart dramatique | ||
| 260 | _c1979 | ||
| 300 | _b21 cm | ||
| 100 | _lFr | ||
| 630 | _a82 - Litterature | ||
| 037 | _a7963 | ||
| 650 | _a8 - LITTERATURE | ||
| 100 | _aEsslin, Martin | ||
| 999 |
_c36357 _d36357 |
||